The trend forecaster's handbook
| Main Author: | |
|---|---|
| Format: | Book |
| Published: |
London :
Laurence King Publishing Ltd ,
2020
|
| Subjects: |
MARC
| LEADER | 00000cam a2200000 7i4500 | ||
|---|---|---|---|
| 001 | 0000278144 | ||
| 005 | 20201214101449.0 | ||
| 020 | |a 9781786273840 | ||
| 090 | 0 | 0 | |a 658.575 |b RAY |
| 100 | 1 | |a Raymond, Martin | |
| 245 | 1 | 4 | |a The trend forecaster's handbook |c Martin Raymond |
| 260 | |a London : |b Laurence King Publishing Ltd , |c 2020 | ||
| 300 | |a 240p. ; |c 29cm. | ||
| 650 | 0 | |a Consumer behavior | |
| 650 | 0 | |a Consumers |x Attitudes | |
| 650 | 0 | |a New products | |
| 999 | |a 00384649 |b BUKU |c RUJUKAN |e PERPUSTAKAAN KOMUNITI PETALING JAYA | ||